000 00769nam a2200205 i 4500
001 79688
003 ES-MaACL
005 20230906174030.0
007 t|
008 041022s1974 mx ||||1| spa d
100 1 _aHerskovits, Melville J.
_963394
245 1 3 _aEl hombre y sus obras
_b: la ciencia de la antropología cultural /
_cMelville J. Herskovits ; [traducción de M. Hernández Barroso ; revisión de Eugenio Imaz y Luis Alaminos].
250 _a[1ª ed.], 5ª reimp.
260 _aMéxico :
_bFondo de Cultura Económica de México,
_c[1974]
300 _a782 p., 18 lám. :
_bil. ;
_c23 cm.
700 0 _aHernández Barroso, Mateo.
_962886
700 1 _aImaz, Eugenio.
_965203
700 1 _aAlaminos, Luis.
_919105
852 _aES-MaACL
_jE-6039
_bR.90594
999 _c79688
_d79688